[Event "Oberfranken-ch"]
[Site "Kronach"]
[Date "2023.11.03"]
[Round "4"]
[White "Heimerl, Detlev"]
[Black "Sesselmann, Moritz"]
[Result "1/2-1/2"]
[WhiteElo "1870"]
[BlackElo "1731"]
[PlyCount "80"]
[EventDate "2023.11.02"]
[EventType "swiss"]
[EventRounds "7"]
[EventCountry "GER"]
[SourceTitle "CB46_2023"]
[SourceDate "2023.11.15"]
[SourceVersion "1"]
[SourceVersionDate "2023.11.15"]
[SourceQuality "1"]

1. Nf3 d5 2. g3 Bg4 3. Bg2 Nd7 4. c4 e6 5. cxd5 exd5 6. Qa4 Bxf3 7. Bxf3 Ngf6 8. Nc3 c6 9. d3 Bd6 10. Bd2 0-0 11. 0-0 Re8 12. Rfe1 Qb6 13. Qc2 Rad8 14. Na4 Qc7 15. d4 Ne4 16. Nc3 Nxd2 17. Qxd2 Nf6 18. Rac1 Qb8 19. Qc2 g6 20. a3 h5 21. Kg2 h4 22. e4 dxe4 23. Nxe4 Nxe4 24. Bxe4 Kg7 25. Bf3 hxg3 26. hxg3 Rxe1 27. Rxe1 Rh8 28. d5 cxd5 29. Bxd5 Rh5 30. Qc3+ Be5 31. Qb3 b6 32. Bf3 Rg5 33. Qe3 Bf6 34. Re2 Re5 35. Qd3 Rxe2 36. Qxe2 Qe5 37. Qxe5 Bxe5 38. b3 Kf6 39. Bd5 g5 40. Kf3 Bd4 1/2-1/2

[Event "Oberfranken-ch"]
[Site "Kronach"]
[Date "2023.11.02"]
[Round "2"]
[White "Bauschke, Norman"]
[Black "Sesselmann, Moritz"]
[Result "1/2-1/2"]
[WhiteElo "1615"]
[BlackElo "1731"]
[PlyCount "29"]
[EventDate "2023.11.02"]
[EventType "swiss"]
[EventRounds "7"]
[EventCountry "GER"]
[SourceTitle "CB46_2023"]
[SourceDate "2023.11.15"]
[SourceVersion "1"]
[SourceVersionDate "2023.11.15"]
[SourceQuality "1"]

1. d4 d5 2. e4 c6 3. Nc3 dxe4 4. f3 exf3 5. Nxf3 Nf6 6. Bc4 e6 7. 0-0 Bd6 8. Bg5 h6 9. Bxf6 gxf6 10. Qe2 Kd7 11. Rad1 Kc7 12. a3 Nd7 13. b4 Nb6 14. Bb3 a6 15. Ne4 1/2-1/2

[Event "Bavaria-ch 94th"]
[Site "Rosenheim"]
[Date "2023.08.22"]
[Round "3"]
[White "Paar, Johannes"]
[Black "Sesselmann, Moritz"]
[Result "1/2-1/2"]
[WhiteElo "1953"]
[BlackElo "1697"]
[PlyCount "95"]
[EventDate "2023.08.20"]
[EventType "tourn"]
[EventRounds "9"]
[EventCountry "GER"]
[SourceTitle "CBM 215 Extra"]
[Source "ChessBase"]
[SourceDate "2023.09.30"]
[SourceVersion "1"]
[SourceVersionDate "2023.09.30"]
[SourceQuality "1"]

1. d4 d5 2. c4 e5 3. dxe5 d4 4. Bf4 Ne7 5. Nf3 Nbc6 6. a3 Ng6 7. Bg3 Bg4 8. Nbd2 a5 9. h3 Bxf3 10. Nxf3 Bc5 11. Qc2 0-0 12. h4 Re8 13. 0-0-0 Ngxe5 14. Bxe5 Nxe5 15. Ng5 g6 16. e3 Nc6 17. Nf3 Qf6 18. e4 Rad8 19. Bd3 Qf4+ 20. Kb1 Ne5 21. Nxe5 Qxe5 22. h5 g5 23. g3 f6 24. f4 Qe7 25. Rde1 h6 26. e5 Qg7 27. Bg6 Re7 28. exf6 Qxf6 29. fxg5 Qxg5 30. Ref1 Qe3 31. Bd3 Rg7 32. Re1 Qg5 33. Rhf1 Rf8 34. Rxf8+ Bxf8 35. Qe2 Re7 36. Qf1 Rxe1+ 37. Qxe1 Qe3 38. Qf1 Qxg3 39. Qf5 Qg7 40. Qxa5 b6 41. Qd5+ Kh8 42. Qf5 Kg8 43. Ka2 Qe7 44. Qd5+ Qf7 45. Bg6 Qxd5 46. cxd5 Kg7 47. Kb3 Kf6 48. Kc4 1/2-1/2

[Event "Bavaria-ch 94th"]
[Site "Rosenheim"]
[Date "2023.08.21"]
[Round "2"]
[White "Sesselmann, Moritz"]
[Black "Kamenskyi, Dmytro"]
[Result "0-1"]
[WhiteElo "1697"]
[BlackElo "2030"]
[PlyCount "68"]
[EventDate "2023.08.20"]
[EventType "tourn"]
[EventRounds "9"]
[EventCountry "GER"]
[SourceTitle "CBM 215 Extra"]
[Source "ChessBase"]
[SourceDate "2023.09.30"]
[SourceVersion "1"]
[SourceVersionDate "2023.09.30"]
[SourceQuality "1"]

1. e4 e6 2. d3 c5 3. Nf3 Nc6 4. Nbd2 g6 5. g3 Bg7 6. Bg2 Nge7 7. 0-0 0-0 8. Re1 d6 9. h4 e5 10. Nf1 h6 11. c3 Be6 12. N3h2 f5 13. exf5 Nxf5 14. Ne3 Qd7 15. Nxf5 Bxf5 16. Be3 Rae8 17. Qd2 Kh7 18. Rac1 b6 19. Be4 d5 20. Bxf5 gxf5 21. f4 d4 22. cxd4 cxd4 23. Bf2 e4 24. dxe4 fxe4 25. Kg2 Qd5 26. Qc2 Nb4 27. Qc4 Qxc4 28. Rxc4 Nd3 29. Rb1 Rc8 30. b3 b5 31. Rxc8 Rxc8 32. Kf1 Rc7 33. Bg1 e3 34. Nf3 e2+ 0-1

[Event "Oberfranken-ch"]
[Site "Kronach"]
[Date "2023.02.25"]
[Round "6"]
[White "Sesselmann, Moritz"]
[Black "Bauschke, Norman"]
[Result "1-0"]
[WhiteElo "1610"]
[BlackElo "1635"]
[PlyCount "127"]
[EventDate "2023.02.23"]
[EventType "swiss"]
[EventRounds "7"]
[EventCountry "GER"]
[SourceTitle "CBM 213 Extra"]
[Source "ChessBase"]
[SourceDate "2023.05.31"]
[SourceVersion "1"]
[SourceVersionDate "2023.05.31"]
[SourceQuality "1"]

1. c4 c5 2. g3 g6 3. Bg2 Bg7 4. Nc3 Nc6 5. Nf3 e6 6. d3 a6 7. 0-0 Nge7 8. Bg5 f6 9. Bd2 0-0 10. e4 d5 11. exd5 exd5 12. Re1 d4 13. Ne4 b6 14. h4 Bg4 15. Qc1 Bxf3 16. Bxf3 Ne5 17. Be2 N7c6 18. f4 Nf7 19. Bf3 Rc8 20. Re2 h5 21. Qf1 Nb4 22. Bxb4 cxb4 23. Rae1 Qd7 24. Nf2 Rfe8 25. Bd5 Kh7 26. Be6 Rxe6 27. Rxe6 Ne5 28. fxe5 Qxe6 29. exf6 Qxf6 30. Ne4 Qxf1+ 31. Rxf1 Rf8 32. Ng5+ Kg8 33. Rxf8+ Bxf8 34. Kg2 Be7 35. Ne6 Bc5 36. Kf3 Kf7 37. Nf4 Kf6 38. Ke4 a5 39. b3 g5 40. Nh3 gxh4 41. gxh4 Kg6 42. Ng5 Be7 43. Nf3 Bf6 44. Ne5+ Kg7 45. Kxd4 Bxh4 46. Ke4 Bg3 47. Nc6 h4 48. Kf3 Kf6 49. Kg4 Ke6 50. d4 Kd6 51. d5 Bf2 52. Kh3 Bg3 53. Nd4 Kc5 54. Ne6+ Kd6 55. Ng5 b5 56. Ne4+ Kd7 57. c5 a4 58. Nxg3 hxg3 59. Kxg3 Ke7 60. Kf4 Kf6 61. c6 Ke7 62. Ke5 Kd8 63. Kd6 Kc8 64. c7 1-0

[Event "Oberfranken-ch"]
[Site "Kronach"]
[Date "2023.02.24"]
[Round "3"]
[White "Kuhlemann, Claus"]
[Black "Sesselmann, Moritz"]
[Result "0-1"]
[WhiteElo "1716"]
[BlackElo "1610"]
[PlyCount "56"]
[EventDate "2023.02.23"]
[EventType "swiss"]
[EventRounds "7"]
[EventCountry "GER"]
[SourceTitle "CBM 213 Extra"]
[Source "ChessBase"]
[SourceDate "2023.05.31"]
[SourceVersion "1"]
[SourceVersionDate "2023.05.31"]
[SourceQuality "1"]

1. f4 d5 2. Nf3 g6 3. e3 Bg7 4. d4 c5 5. c3 Qc7 6. Bd3 Nh6 7. 0-0 Bf5 8. Re1 0-0 9. Qe2 Bxd3 10. Qxd3 e6 11. e4 dxe4 12. Qxe4 Nd7 13. Be3 Rac8 14. Nbd2 Ng4 15. Ne5 Ndf6 16. Qf3 Nxe3 17. Qxe3 cxd4 18. Qxd4 Rfd8 19. Qf2 Nd5 20. Nb3 b5 21. g3 a5 22. Rac1 Bf8 23. Kh1 a4 24. Nd4 Bc5 25. Qe2 Bxd4 26. cxd4 Qxc1 27. Rxc1 Rxc1+ 28. Kg2 Rc2 0-1

[Event "Oberfranken-ch"]
[Site "Kronach"]
[Date "2023.02.23"]
[Round "1"]
[White "Becker, Tobias"]
[Black "Sesselmann, Moritz"]
[Result "1-0"]
[WhiteElo "1963"]
[BlackElo "1610"]
[PlyCount "49"]
[EventDate "2023.02.23"]
[EventType "swiss"]
[EventRounds "7"]
[EventCountry "GER"]
[SourceTitle "CBM 213 Extra"]
[Source "ChessBase"]
[SourceDate "2023.05.31"]
[SourceVersion "1"]
[SourceVersionDate "2023.05.31"]
[SourceQuality "1"]

1. e4 c5 2. Nf3 d6 3. d4 cxd4 4. Nxd4 Nf6 5. Nc3 a6 6. f3 e5 7. Nb3 Be6 8. Be3 Be7 9. Qd2 Nbd7 10. 0-0-0 0-0 11. g4 b5 12. g5 b4 13. Ne2 Nh5 14. Ng3 Nf4 15. h4 a5 16. Kb1 a4 17. Nd4 exd4 18. Bxf4 b3 19. cxb3 axb3 20. a3 Nc5 21. Qxd4 Ra4 22. Qc3 Qc7 23. Nh5 f6 24. gxf6 Rxf6 25. Rg1 1-0

[Event "Kronach Oberfranken Cup"]
[Site "Kronach"]
[Date "2022.07.02"]
[Round "2"]
[White "Sesselmann, Moritz"]
[Black "Wunder, Horst"]
[Result "1/2-1/2"]
[WhiteElo "1680"]
[BlackElo "2101"]
[PlyCount "74"]
[EventDate "2022.07.01"]
[EventType "swiss"]
[EventRounds "5"]
[EventCountry "GER"]
[SourceTitle "EXT 2023"]
[Source "ChessBase"]
[SourceDate "2022.10.05"]
[SourceVersion "1"]
[SourceVersionDate "2022.10.05"]
[SourceQuality "1"]

1. e4 e6 2. d4 b6 3. Nc3 Bb7 4. Nf3 Ne7 5. Bd3 g6 6. Be3 Bg7 7. Qd2 h6 8. h4 d6 9. 0-0-0 Nd7 10. Rhe1 a6 11. d5 e5 12. g4 Nf6 13. Rg1 Qd7 14. Nh2 0-0-0 15. a4 Kb8 16. Qe2 Qc8 17. f3 Nd7 18. Bc4 Bf6 19. g5 hxg5 20. hxg5 Bg7 21. Ng4 Ka7 22. Rh1 Rxh1 23. Rxh1 Rh8 24. Rxh8 Qxh8 25. Nh6 Bxh6 26. gxh6 f6 27. a5 g5 28. axb6+ cxb6 29. Qh2 Nc8 30. Qh3 Nf8 31. Ne2 Ng6 32. Qh5 Nce7 33. Ng3 Qh7 34. Bf1 Bc8 35. Bh3 Kb7 36. Bxc8+ Nxc8 37. Nf5 Kc7 1/2-1/2

[Event "Oberfranken-ch"]
[Site "Schney"]
[Date "2019.01.04"]
[Round "4"]
[White "Benner, Viktor"]
[Black "Sesselmann, Moritz"]
[Result "1/2-1/2"]
[WhiteElo "2017"]
[BlackElo "1610"]
[PlyCount "78"]
[EventDate "2019.01.03"]
[EventType "swiss"]
[EventRounds "7"]
[EventCountry "GER"]
[SourceTitle "CBM 188 Extra"]
[Source "ChessBase"]
[SourceDate "2019.02.26"]
[SourceVersion "1"]
[SourceVersionDate "2019.02.26"]
[SourceQuality "1"]

1. Nf3 d5 2. g3 Nf6 3. d3 Bg4 4. Bg2 c6 5. b3 Bxf3 6. Bxf3 e5 7. Nd2 Bd6 8. e4 d4 9. 0-0 Nbd7 10. Nc4 Be7 11. a4 0-0 12. h3 Ne8 13. Bd2 Nd6 14. Nxd6 Bxd6 15. Bg2 Re8 16. f4 exf4 17. Bxf4 Bxf4 18. Rxf4 Qg5 19. Qf3 Ne5 20. Qf2 c5 21. Rf5 Qh6 22. Qf4 Qxf4 23. gxf4 Ng6 24. Kf2 b6 25. Kg3 f6 26. Rd5 Rad8 27. Rxd8 Rxd8 28. h4 Re8 29. h5 Ne7 30. Bh3 a5 31. Be6+ Kf8 32. Rc1 Rd8 33. e5 Nd5 34. Bxd5 Rxd5 35. exf6 gxf6 36. Kg4 h6 37. Re1 f5+ 38. Kf3 Rd6 39. Re5 Rf6 1/2-1/2

[Event "Oberfranken-ch"]
[Site "Schney"]
[Date "2019.01.04"]
[Round "3"]
[White "Sesselmann, Moritz"]
[Black "Gebhardt, Christian"]
[Result "1/2-1/2"]
[WhiteElo "1610"]
[BlackElo "1906"]
[PlyCount "42"]
[EventDate "2019.01.03"]
[EventType "swiss"]
[EventRounds "7"]
[EventCountry "GER"]
[SourceTitle "CBM 188 Extra"]
[Source "ChessBase"]
[SourceDate "2019.02.26"]
[SourceVersion "1"]
[SourceVersionDate "2019.02.26"]
[SourceQuality "1"]

1. c4 e5 2. Nc3 Nc6 3. g3 f5 4. Bg2 Bc5 5. d3 Nf6 6. Nf3 0-0 7. 0-0 d6 8. a3 a5 9. e3 Ba7 10. Rb1 Qe8 11. b4 Qh5 12. d4 Ne4 13. Nd5 Be6 14. dxe5 Nxe5 15. Nf4 Nxf3+ 16. Bxf3 Qf7 17. Nxe6 Qxe6 18. Qc2 axb4 19. axb4 Bb6 20. Bb2 c6 21. Ra1 d5 1/2-1/2

[Event "Landesliga U20 Nord 1718"]
[Site "Bayern"]
[Date "2017.12.02"]
[Round "2.1"]
[White "Schmidt, Oliver"]
[Black "Sesselmann, Moritz"]
[Result "1/2-1/2"]
[WhiteElo "1811"]
[BlackElo "1710"]
[PlyCount "98"]
[EventDate "2017.11.18"]
[EventType "team-tourn"]
[EventRounds "7"]
[EventCountry "GER"]
[SourceTitle "EXT 2022"]
[Source "ChessBase"]
[SourceDate "2021.10.06"]
[SourceVersion "1"]
[SourceVersionDate "2021.10.06"]
[SourceQuality "1"]
[WhiteTeam "Schwandorf U20"]
[BlackTeam "Kulmbach U20"]
[WhiteTeamCountry "GER"]
[BlackTeamCountry "GER"]

1. d4 Nf6 2. c4 e6 3. Nf3 d5 4. Nc3 Be7 5. Bg5 Nbd7 6. e3 h6 7. Bh4 b6 8. Bd3 dxc4 9. Bxc4 Bb7 10. 0-0 0-0 11. Qe2 Ne4 12. Bxe7 Nxc3 13. bxc3 Qxe7 14. Bd3 e5 15. e4 exd4 16. cxd4 Rfe8 17. Rfe1 a6 18. a4 Rad8 19. Rac1 c5 20. d5 Qd6 21. Qb2 Re7 22. Re3 c4 23. Bxc4 Nc5 24. e5 Qg6 25. Rd1 Nxa4 26. Qa3 Nc5 27. Bd3 Nxd3 28. Qxe7 Rxd5 29. Rf1 Bc6 30. e6 Nf4 31. Nh4 Rg5 32. exf7+ Qxf7 33. Qxf7+ Kxf7 34. f3 a5 35. g3 Nd5 36. Rb3 a4 37. Ra3 Re5 38. Rc1 Bd7 39. Kf2 g5 40. Ng2 b5 41. Ne3 b4 42. Nc4 Re6 43. Rd3 Nf6 44. Nd6+ Kg6 45. Nb7 b3 46. Nc5 Rc6 47. Nxb3 axb3 48. Rxc6 Bxc6 49. Rxb3 Bd5 1/2-1/2

[Event "Landesliga U20 Nord 1718"]
[Site "Bayern"]
[Date "2017.12.02"]
[Round "3.1"]
[White "Sesselmann, Moritz"]
[Black "Oberhofer, Marie"]
[Result "1-0"]
[WhiteElo "1710"]
[BlackElo "1705"]
[PlyCount "37"]
[EventDate "2017.11.18"]
[EventType "team-tourn"]
[EventRounds "7"]
[EventCountry "GER"]
[SourceTitle "EXT 2022"]
[Source "ChessBase"]
[SourceDate "2021.10.06"]
[SourceVersion "1"]
[SourceVersionDate "2021.10.06"]
[SourceQuality "1"]
[WhiteTeam "Kulmbach U20"]
[BlackTeam "Regensburg Bavaria U20 II"]
[WhiteTeamCountry "GER"]
[BlackTeamCountry "GER"]

1. c4 e5 2. Nc3 Nf6 3. Nf3 Nc6 4. g3 d5 5. cxd5 Nxd5 6. Bg2 Nb6 7. 0-0 Be7 8. d3 0-0 9. a3 a5 10. Be3 Nd7 11. Rc1 Bc5 12. d4 exd4 13. Nxd4 Nxd4 14. Bxd4 Bxd4 15. Qxd4 c6 16. Rfd1 Qe7 17. Ne4 Ne5 18. Qd6 Re8 19. Qxe7 1-0

[Event "Oberfranken-ch"]
[Site "Schney"]
[Date "2016.01.05"]
[Round "5"]
[White "Sesselmann, Moritz"]
[Black "Lojak, Benjamin"]
[Result "1-0"]
[WhiteElo "1338"]
[BlackElo "1297"]
[PlyCount "31"]
[EventDate "2016.01.03"]
[EventType "swiss"]
[EventRounds "7"]
[EventCountry "GER"]
[SourceTitle "CBM 170 Extra"]
[Source "ChessBase"]
[SourceDate "2016.02.25"]
[SourceVersion "1"]
[SourceVersionDate "2016.02.25"]
[SourceQuality "1"]

1. c4 Nf6 2. Nc3 g6 3. g3 Bg7 4. Bg2 0-0 5. Nf3 d6 6. 0-0 Nc6 7. Rb1 a5 8. a3 e5 9. b4 axb4 10. axb4 Nd7 11. b5 Ne7 12. d3 f5 13. Ng5 Nb6 14. Qb3 Nd7 15. Ne6 Qe8 16. Nxc7 1-0

[Event "Oberfranken-ch"]
[Site "Schney"]
[Date "2016.01.03"]
[Round "1"]
[White "Sesselmann, Moritz"]
[Black "Bauschke, Norman"]
[Result "0-1"]
[WhiteElo "1338"]
[BlackElo "1629"]
[PlyCount "118"]
[EventDate "2016.01.03"]
[EventType "swiss"]
[EventRounds "7"]
[EventCountry "GER"]
[SourceTitle "CBM 170 Extra"]
[Source "ChessBase"]
[SourceDate "2016.02.25"]
[SourceVersion "1"]
[SourceVersionDate "2016.02.25"]
[SourceQuality "1"]

1. c4 c5 2. Nc3 e6 3. g3 d5 4. cxd5 exd5 5. Bg2 Nf6 6. Qc2 g6 7. Nf3 Bf5 8. d3 Bg7 9. Nh4 Be6 10. Bf4 Nc6 11. Nb5 Qa5+ 12. Nc3 d4 13. Qa4 0-0 14. Qxa5 Nxa5 15. Nb5 a6 16. Nc7 Rac8 17. Nxe6 fxe6 18. 0-0 Nc6 19. Rac1 e5 20. Bxc6 Rxc6 21. Bxe5 Re8 22. Nf3 Nd7 23. Bxg7 Kxg7 24. Rfe1 Rce6 25. Rc2 Rf6 26. b4 Rxf3 27. Kf1 Rf5 28. bxc5 Rxc5 29. Rxc5 Nxc5 30. Rc1 b6 31. Rc4 Rd8 32. Ke1 Kf6 33. Kd2 h5 34. h4 Rd5 35. f3 Ke5 36. Ke1 a5 37. Kd2 Rd6 38. Kc2 Kf6 39. Kd2 Ke6 40. Kc2 Kd7 41. Kd2 Kc6 42. g4 hxg4 43. fxg4 Kd5 44. e3 Ke5 45. exd4+ Rxd4 46. Rxd4 Kxd4 47. h5 gxh5 48. gxh5 Nxd3 49. h6 Ne5 50. h7 Nf7 51. Ke2 Ke5 52. Kd3 b5 53. Kc3 Kd5 54. Kb3 Kd4 55. a3 Kd3 56. Kb2 Kc4 57. Kc2 b4 58. axb4 axb4 59. Kb2 b3 0-1

[Event "Oberfranken-ch U16"]
[Site "Schney"]
[Date "2015.01.03"]
[Round "1"]
[White "Yigit, Furkan"]
[Black "Sesselmann, Moritz"]
[Result "0-1"]
[WhiteElo "918"]
[BlackElo "1250"]
[PlyCount "36"]
[EventDate "2015.01.03"]
[EventType "swiss"]
[EventRounds "7"]
[EventCountry "GER"]
[SourceTitle "CBM 164 Extra"]
[Source "ChessBase"]
[SourceDate "2015.03.02"]
[SourceVersion "1"]
[SourceVersionDate "2015.03.02"]
[SourceQuality "1"]

1. e4 e5 2. Nf3 Nc6 3. Bc4 Bc5 4. d3 Nf6 5. Bg5 h6 6. Bh4 Be7 7. Nc3 d6 8. h3 a6 9. Nd5 Nxd5 10. Bxe7 Ndxe7 11. 0-0 0-0 12. a3 Ng6 13. c3 Qe7 14. d4 b5 15. Bd5 Bb7 16. dxe5 Ngxe5 17. Nxe5 dxe5 18. Bxc6 Bxc6 0-1